Barcelona gráfica / (Registro nro. 44760)
[ vista simple ]
| 000 -LEADER | |
|---|---|
| fixed length control field | 01331cam a2200349 i 4500 |
| 001 - CONTROL NUMBER | |
| control field | 44760 |
| 003 - CONTROL NUMBER IDENTIFIER | |
| control field | Mx-PuUPA |
| 005 - DATE AND TIME OF LATEST TRANSACTION | |
| control field | 20220316093835.0 |
| 008 - FIXED-LENGTH DATA ELEMENTS--GENERAL INFORMATION | |
| fixed length control field | 140415s2001 sp a gr 000 0 mul d |
| 020 ## - INTERNATIONAL STANDARD BOOK NUMBER | |
| International Standard Book Number | 8425218500 |
| 040 ## - CATALOGING SOURCE | |
| Original cataloging agency | Mx-PuUPA |
| Language of cataloging | spa |
| Transcribing agency | Mx-PuUPA |
| Modifying agency | Mx-PuUPA |
| Description conventions | rda |
| 041 0# - LANGUAGE CODE | |
| Language code of text/sound track or separate title | catalán |
| -- | español |
| -- | eng |
| -- | ja |
| 100 1# - MAIN ENTRY--PERSONAL NAME | |
| Personal name | Sánchez, América, |
| Dates associated with a name | 1939- |
| 9 (RLIN) | 12213 |
| 245 10 - TITLE STATEMENT | |
| Title | Barcelona gráfica / |
| Statement of responsibility, etc. | América Sánchez ; traductores, Gloria Bohigas, Paul Hammond, Shigeko Suzuki, Takashi Fujimori |
| 264 #1 - PRODUCTION, PUBLICATION, DISTRIBUTION, MANUFACTURE, AND COPYRIGHT NOTICE | |
| Place of production, publication, distribution, manufacture | Barcelona : |
| Name of producer, publisher, distributor, manufacturer | Editorial Gustavo Gili, |
| Date of production, publication, distribution, manufacture, or copyright notice | 2001 |
| 300 ## - PHYSICAL DESCRIPTION | |
| Extent | 495 páginas : |
| Other physical details | Fotografías (a color) ; |
| Dimensions | 27 cm. |
| 336 ## - CONTENT TYPE | |
| Fuente | racontent |
| Content type term | texto |
| Content type code | txt |
| 337 ## - MEDIA TYPE | |
| Source | rdmedia |
| Media type term | sin medio |
| Media type code | n |
| 338 ## - CARRIER TYPE | |
| Source | rdacarrier |
| Carrier type term | volumen |
| Carrier type code | nc |
| 546 ## - LANGUAGE NOTE | |
| Language note | Texto escrito en: catalán, español, inglés y japonés. |
| 650 #7 - SUBJECT ADDED ENTRY--TOPICAL TERM | |
| Topical term or geographic name entry element | Artes decorativos |
| Geographic subdivision | Barcelona |
| Source of heading or term | armarc |
| 650 #7 - SUBJECT ADDED ENTRY--TOPICAL TERM | |
| Topical term or geographic name entry element | Arte publicitario |
| Geographic subdivision | Barcelona |
| Source of heading or term | armarc |
| 650 #7 - SUBJECT ADDED ENTRY--TOPICAL TERM | |
| Topical term or geographic name entry element | Diseño gráfica |
| Geographic subdivision | España |
| -- | Barcelona |
| Source of heading or term | armarc |
| 650 #7 - SUBJECT ADDED ENTRY--TOPICAL TERM | |
| Topical term or geographic name entry element | Diseño publicitario |
| Geographic subdivision | España |
| -- | Barcelona |
| Source of heading or term | armarc |
| 700 1# - ADDED ENTRY--PERSONAL NAME | |
| Personal name | Bohigas, Gloria |
| Relator term | traductor |
| 700 1# - ADDED ENTRY--PERSONAL NAME | |
| Personal name | Hammond, Paul, |
| Relator term | traductor |
| 700 1# - ADDED ENTRY--PERSONAL NAME | |
| Personal name | Suzuki, Shigeko, |
| Relator term | traductor |
| 700 1# - ADDED ENTRY--PERSONAL NAME | |
| Personal name | Fujimori, Takashi, |
| Relator term | traductor |
| 942 ## - ADDED ENTRY ELEMENTS (KOHA) | |
| Source of classification or shelving scheme | Dewey Decimal Classification |
| Koha item type | Libro |
| Classification part | 741.60946 |
| Item part | S194 |
| Withdrawn status | Lost status | Source of classification or shelving scheme | Damaged status | Not for loan | Collection code | Home library | Current library | Shelving location | Date acquired | Source of acquisition | Total Checkouts | Full call number | Barcode | Date last seen | Price effective from | Koha item type |
|---|---|---|---|---|---|---|---|---|---|---|---|---|---|---|---|---|
| Dewey Decimal Classification | Referencia | Biblioteca Karol Wojtyla | Biblioteca Karol Wojtyla | Área de silencio | 03/12/2013 | Compra | 741.60946 S194 2001 | 67287 | 05/01/2026 | 03/12/2013 | Libro R |